[Event "Amber-blindfold 07th"]
[Site "Monte Carlo"]
[Date "1998.03.15"]
[Round "3"]
[White "Ivanchuk, Vassily"]
[Black "Anand, Viswanathan"]
[Result "0-1"]
[WhiteElo "2740"]
[BlackElo "2770"]
[Annotator "Kostakiev,D"]
[PlyCount "112"]
[EventDate "1998.03.13"]
[EventType "tourn (rapid)"]
[EventRounds "11"]
[EventCountry "MNC"]
[EventCategory "18"]
[SourceTitle "CBM 063 Extra"]
[Source "ChessBase"]
[SourceDate "1998.04.29"]
[SourceVersion "1"]
[SourceVersionDate "1998.04.29"]
[SourceQuality "1"]

1. Nc3 {Any game of great chess players is a kind of lesson. So it is with
this game. It throws light over one of the numberous (c2+c3) doubled pawns
middlegame's structures.} e5 2. Nf3 Nc6 3. d4 exd4 4. Nxd4 Nf6 5. Bg5 Bb4 6. e3
(6. Nxc6 Bxc3+ (6... bxc6 {Grimm,R-Latzke,B/Wuertt ch 1995/1/2-1/2 (44)}) 7.
bxc3 bxc6 $11 {0-1 Pel Bonno-Ernst Sipke/It (open), Hoogeveen (Netherlands)
1997 (22)}) (6. Qd3 $11 {0-1 Dieu,B-Marciano,D/FrTCh, Mulhouse FRA 1998 (18)})
6... O-O $146 (6... h6 7. Bh4 O-O 8. Nxc6 bxc6 9. Bd3 g5 (9... d5 $14 {1/2-1/2
Schall,A-Schwicker,F/Frankrig 1988 (27)}) 10. Bg3 $11 {Zahariev,Z-Lirindzakis,
T/Heraklio summer 1993/1-0 (54)}) 7. Be2 (7. Nxc6 $5) 7... h6 8. Bxf6 $6 (8.
Nxc6 $5 $11) 8... Bxc3+ $1 $15 9. bxc3 {Look at the pawn structure diagram and
have in mind the presence of B+N+Q+RR and their influence to the fight} Qxf6
10. O-O d5 11. Rb1 Rd8 12. Nxc6 Qxc6 13. Qd4 (13. c4 $5 Bf5 14. Bf3 $15) 13...
Be6 (13... Bf5 $5 14. Bd3 Be6 $15) 14. Bf3 b6 15. c4 $6 {Generaly good
standart idea launched in a not suitable moment. White should have try to rid
off doubled P (c3-c4) in another tactical way. May be like that:} (15. Rfd1
$142 $1 Rab8 $140 (15... Rd6 16. Rd2 a6 17. Rbd1 b5 18. a4 Rb8 19. Rb1 Ra8 20.
Ra1) (15... b5 16. a4 a6 17. axb5 axb5 18. Qd3 Rab8 19. Ra1 Ra8) 16. Rd2 a6 17.
Rbd1 Rd6 18. c4 $1 Qxc4 19. Qxc4 dxc4 20. Rxd6 cxd6 21. Rxd6 $11) 15... Rab8 {
[#]} 16. Rb4 (16. cxd5 Bxd5 17. Bxd5 Rxd5 $15) 16... Qe8 $1 17. c5 ({Inferior
is} 17. cxd5 $2 c5 $17) 17... Qe7 18. c6 (18. cxb6 $4 c5) 18... Rd6 19. Qc3 Qe8
20. Rd4 Qxc6 21. Qd2 Qd7 22. Rd1 Rd8 23. c3 c5 24. Rd3 Qa4 25. Qb2 R6d7 26. a3
b5 27. h3 a6 28. R1d2 g6 29. Bd1 Qa5 30. Bf3 h5 31. h4 $19 (31. Rd1 $142 Qc7
$17) 31... Qc7 32. g3 Qe5 33. Rd1 Qf6 34. Kg2 $19 (34. Be2 $5 $17) 34... Kh7 (
34... Bh3+ $5) 35. R3d2 (35. Be2 Bf5 36. R3d2 Re8 $19) 35... Kg7 {It seems as
not the best place for the King, because while the Qb2 is on the big diagonal
a1-h8. In a moment c3-c4 with open check becomes possible. But at the same
time the line h8-h1 stands by open for attack if an occasion will appear..} (
35... Bh3+ {would complicate the realisation of the advantage.}) 36. Qa1 {
Point of veiw (a pawn more) realisation, the heavy pieces endgames are more
difficult than the light pieces ones. One should say better was to keep the B.
But Anand has another instructive idea.} Bg4 $1 {Grandmasrer's strike! An
ordinary player should opt here for 36...Bh3 which unexpectedly would have
given better chances White to survive} 37. Bxg4 hxg4 {[#] New pair of doubled
pwans - positive (for Bllack). Briefly said: Xf3; Xf2.} 38. Kg1 Qe5 39. a4 $6 {
Better was not to leave 3d rank.} ({f.e.:} 39. Rd3 $1) 39... b4 $1 $17 (39...
Qe4 $6 40. c4+ $14) 40. cxb4 Qxa1 41. Rxa1 cxb4 42. Rd4 (42. a5 $142 $5) 42...
a5 43. Rxg4 (43. Rc1 Rb7 $17) 43... d4 44. Rxd4 Rxd4 45. exd4 Rxd4 46. Rc1 b3
47. Rb1 Rb4 48. Kf1 (48. Rb2 Kf6 49. Kf1 Ke5 50. Ke2 Kd4 $19) 48... Kf6 49. Ke2
Kf5 50. Kd3 Kg4 51. Kc3 (51. Ke2 b2 52. Ke3 f5 $19) 51... f5 52. Kb2 $19 (52.
Rb2 f4 53. gxf4 (53. Rxb3 Rxa4 54. Kb2 Rb4 $19) 53... Kxh4 54. Rxb3 Rxa4 55. f5
gxf5 56. Rb5 Ra3+ $19) 52... Rxa4 53. Rd1 Ra2+ 54. Kxb3 Rxf2 55. Rd6 Rf3+ 56.
Ka4 Kh5 0-1

[Event "Amber-blindfold 07th"]
[Site "Monte Carlo"]
[Date "1998.03.17"]
[Round "5"]
[White "Anand, Viswanathan"]
[Black "Shirov, Alexei"]
[Result "1/2-1/2"]
[WhiteElo "2770"]
[BlackElo "2710"]
[PlyCount "111"]
[EventDate "1998.03.13"]
[EventType "tourn (rapid)"]
[EventRounds "11"]
[EventCountry "MNC"]
[EventCategory "18"]
[SourceTitle "CBM 063 Extra"]
[Source "ChessBase"]
[SourceDate "1998.04.29"]
[SourceVersion "1"]
[SourceVersionDate "1998.04.29"]
[SourceQuality "1"]

1. e4 e5 2. Nf3 Nc6 3. Bb5 Nf6 4. O-O Nxe4 5. d4 Nd6 6. Bxc6 dxc6 7. dxe5 Nf5
8. Qxd8+ Kxd8 9. Nc3 Ke8 10. h3 a5 11. Rd1 a4 12. Bd2 Be7 13. b3 b5 14. Bg5 h5
15. Bxe7 Kxe7 16. Ne2 Bb7 17. Nf4 axb3 18. cxb3 Rhd8 19. Rdc1 h4 20. e6 fxe6
21. Re1 Rd6 22. Ng5 Nd4 23. Ne4 e5 24. Rad1 Nf3+ 25. gxf3 Rxd1 26. Ng6+ Kf7 27.
Nxe5+ Ke6 28. Rxd1 Kxe5 29. Nc5 Bc8 30. Rd8 g5 31. a3 Kf6 32. Kh2 Ke5 33. Rg8
Kd4 34. b4 Kc3 35. Ne6 Kb3 36. Nxc7 Rb8 37. Ne6 Kxa3 38. Nxg5 Kxb4 39. f4 Ra8
40. Ne6 Bxe6 41. Rxa8 Kc3 42. Re8 Bd5 43. f5 b4 44. Rd8 b3 45. Rxd5 cxd5 46. f6
b2 47. f7 b1=Q 48. f8=Q Qe4 49. Qa3+ Kd2 50. Kg1 d4 51. Qb2+ Kd1 52. Qa1+ Ke2
53. Qa2+ Kd1 54. Qa1+ Kd2 55. Qb2+ Kd1 56. Qa1+ 1/2-1/2

[Event "Amber-blindfold 07th"]
[Site "Monte Carlo"]
[Date "1998.03.20"]
[Round "7"]
[White "Anand, Viswanathan"]
[Black "Van Wely, Loek"]
[Result "1-0"]
[WhiteElo "2770"]
[BlackElo "2605"]
[PlyCount "71"]
[EventDate "1998.03.13"]
[EventType "tourn (rapid)"]
[EventRounds "11"]
[EventCountry "MNC"]
[EventCategory "18"]
[SourceTitle "CBM 063 Extra"]
[Source "ChessBase"]
[SourceDate "1998.04.29"]
[SourceVersion "1"]
[SourceVersionDate "1998.04.29"]
[SourceQuality "1"]

1. e4 c5 2. Nf3 d6 3. d4 cxd4 4. Nxd4 Nf6 5. Nc3 a6 6. Be2 e6 7. O-O Be7 8. f4
O-O 9. Be3 Nc6 10. a4 Qc7 11. Kh1 Re8 12. Bf3 Bd7 13. Nb3 b6 14. g4 Bc8 15. g5
Nd7 16. Bg2 Bb7 17. Qg4 Nb4 18. Rf2 Bf8 19. Rd1 g6 20. Qg3 Rac8 21. Rfd2 d5 22.
e5 Nc5 23. Nd4 Ne4 24. Nxe4 dxe4 25. Ne2 Bc6 26. Nc3 Qb7 27. h4 b5 28. axb5
axb5 29. h5 Na6 30. Qh3 Bb4 31. Kg1 Bxc3 32. bxc3 Bd5 33. hxg6 fxg6 34. Bxe4
Nc7 35. Bxg6 hxg6 36. Rh2 1-0

[Event "Amber-rapid 07th"]
[Site "Monte Carlo"]
[Date "1998.03.13"]
[Round "1"]
[White "Anand, Viswanathan"]
[Black "Karpov, Anatoly"]
[Result "1/2-1/2"]
[WhiteElo "2770"]
[BlackElo "2735"]
[PlyCount "97"]
[EventDate "1998.03.13"]
[EventType "tourn (rapid)"]
[EventRounds "11"]
[EventCountry "MNC"]
[EventCategory "18"]
[SourceTitle "CBM 063 Extra"]
[Source "ChessBase"]
[SourceDate "1998.04.29"]
[SourceVersion "1"]
[SourceVersionDate "1998.04.29"]
[SourceQuality "1"]

1. e4 c6 2. d4 d5 3. Nc3 dxe4 4. Nxe4 Nd7 5. Ng5 Ngf6 6. Bd3 e6 7. N1f3 Bd6 8.
Qe2 h6 9. Ne4 Nxe4 10. Qxe4 Qc7 11. Qg4 Kf8 12. O-O c5 13. c3 b6 14. Re1 Bb7
15. h4 c4 16. Bc2 b5 17. Bd2 a5 18. h5 Bd5 19. Qh3 Rb8 20. b3 b4 21. bxc4 bxc3
22. Bxc3 Qxc4 23. Nd2 Qc7 24. Bb3 Nf6 25. Rac1 Qa7 26. Bxd5 Nxd5 27. Nc4 Bf4
28. Rc2 Rc8 29. Bxa5 Qxd4 30. Qb3 Kg8 31. Nb6 Rxc2 32. Qxc2 Bd6 33. Nc4 Qc5 34.
Rb1 f5 35. Re1 Nf4 36. Bd2 Kh7 37. Qb3 Rb8 38. Qc3 Rc8 39. Nxd6 Qxc3 40. Bxc3
Rxc3 41. g3 Nxh5 42. Nb5 Rc2 43. Ra1 f4 44. a4 fxg3 45. fxg3 Nxg3 46. a5 Ne2+
47. Kh1 Ng3+ 48. Kg1 Ne2+ 49. Kh1 1/2-1/2

[Event "Amber-rapid 07th"]
[Site "Monte Carlo"]
[Date "1998.03.18"]
[Round "6"]
[White "Anand, Viswanathan"]
[Black "Sadler, Matthew D"]
[Result "1-0"]
[WhiteElo "2770"]
[BlackElo "2650"]
[PlyCount "93"]
[EventDate "1998.03.13"]
[EventType "tourn (rapid)"]
[EventRounds "11"]
[EventCountry "MNC"]
[EventCategory "18"]
[SourceTitle "CBM 063 Extra"]
[Source "ChessBase"]
[SourceDate "1998.04.29"]
[SourceVersion "1"]
[SourceVersionDate "1998.04.29"]
[SourceQuality "1"]

1. c4 b6 2. d4 e6 3. a3 Bb7 4. d5 f5 5. g3 Nf6 6. Bg2 Na6 7. Nh3 Bd6 8. O-O O-O
9. b4 Be5 10. Ra2 exd5 11. cxd5 Ne4 12. Qd3 c6 13. Bxe4 fxe4 14. Qxe4 Bf6 15.
d6 Qe8 16. Qxe8 Raxe8 17. Rd1 c5 18. b5 Nb8 19. Bg5 Bxg5 20. Nxg5 Rf5 21. Nh3
Re4 22. Nc3 Rc4 23. Rd3 g5 24. f3 g4 25. Nf4 gxf3 26. exf3 Rd4 27. Rad2 Bxf3
28. Rxd4 cxd4 29. Rxd4 a6 30. a4 Rc5 31. Rd3 Bg4 32. Re3 Kf8 33. Nfd5 axb5 34.
axb5 Be6 35. Nxb6 Kf7 36. Kf2 h5 37. Nba4 Rc4 38. Rf3+ Kg7 39. Rf4 Rc8 40. Ke3
Kg6 41. Kd2 Kg7 42. Kd3 Kg6 43. Nb6 Re8 44. Kd4 Bf7 45. Ne4 Be6 46. Nd5 Kg7 47.
Ne7 1-0

[Event "Amber-rapid 07th"]
[Site "Monte Carlo"]
[Date "1998.03.20"]
[Round "7"]
[White "Van Wely, Loek"]
[Black "Anand, Viswanathan"]
[Result "1-0"]
[WhiteElo "2605"]
[BlackElo "2770"]
[PlyCount "79"]
[EventDate "1998.03.13"]
[EventType "tourn (rapid)"]
[EventRounds "11"]
[EventCountry "MNC"]
[EventCategory "18"]
[SourceTitle "CBM 063 Extra"]
[Source "ChessBase"]
[SourceDate "1998.04.29"]
[SourceVersion "1"]
[SourceVersionDate "1998.04.29"]
[SourceQuality "1"]

1. d4 Nf6 2. c4 g6 3. Nf3 Bg7 4. g3 O-O 5. Bg2 d6 6. O-O Nc6 7. Nc3 a6 8. d5
Na5 9. Nd2 c5 10. Qc2 Rb8 11. b3 b5 12. Bb2 e5 13. Rae1 h5 14. Nd1 h4 15. e4
hxg3 16. hxg3 Ng4 17. Bc3 Bh6 18. f3 Nf6 19. f4 Ng4 20. Nf2 Bg7 21. Bf3 Nxf2
22. Rxf2 Nb7 23. Rh2 Qe7 24. Kg2 Bd7 25. Reh1 Nd8 26. Nf1 f6 27. Ne3 Nf7 28.
Bg4 bxc4 29. bxc4 Bxg4 30. Nxg4 Qd7 31. Ne3 Rb7 32. f5 g5 33. Ng4 Rfb8 34. Rh7
Kf8 35. Kf3 a5 36. Ke3 Rb4 37. Bxb4 axb4 38. Rxg7 Kxg7 39. Rh7+ Kf8 40. Nh6 1-0

[Event "Madrid Magistral 7th"]
[Site "Madrid"]
[Date "1998.05.13"]
[Round "3"]
[White "Leko, Peter"]
[Black "Anand, Viswanathan"]
[Result "1/2-1/2"]
[WhiteElo "2670"]
[BlackElo "2770"]
[Annotator "Lukacs,P"]
[PlyCount "41"]
[EventDate "1998.05.11"]
[EventType "tourn"]
[EventRounds "9"]
[EventCountry "ESP"]
[EventCategory "17"]
[SourceTitle "CBM 065"]
[Source "ChessBase"]
[SourceDate "1998.08.06"]
[SourceVersion "1"]
[SourceVersionDate "1998.08.06"]
[SourceQuality "1"]

1. e4 c6 2. Nc3 d5 3. d4 dxe4 4. Nxe4 Bf5 5. Ng3 Bg6 6. Bc4 {The
well-forgotten lines become new again for time to time.} (6. h4 {is the main
line, but it is not easy to find anything real here, and the lines are
sometimes quite boring for the attacking players.}) 6... e6 7. N1e2 Bd6 8. Nf4
{White can get the B, but Black's position remains rock-solid.} Nf6 9. h4 (9.
O-O {is nothing special in view of} Nd5 $1 10. Ngh5 O-O 11. Bb3 Nd7 12. Nxg6
hxg6 13. Ng3 Qh4 $11 {Tal-Botvinnik, Moskau (m2) 1961}) (9. Bb3 Qc7 10. Qf3
Nbd7 11. h4 (11. O-O e5 $11) 11... e5 12. Nxg6 hxg6 13. Be3 O-O-O 14. O-O-O (
14. Bxf7 {is too greedy:} exd4 15. Bxd4 Ne5 16. Be6+ Kb8 $44) 14... exd4 15.
Bxd4 Nc5 16. Bxf6 Bf4+ 17. Kb1 gxf6 $11 {Boleslavsky}) (9. c3 Nbd7 (9... Nd5
10. Qf3 Bxf4 11. Bxf4 Nxf4 12. Qxf4 Nd7 13. h4 h6 14. O-O-O Qf6 15. Ne2 O-O-O {
Black has everything in order here.} 16. Rh3 Bf5 17. g4 g5 18. Qf3 h5 $1 19.
gxf5 g4 20. Qf4 gxh3 21. fxe6 fxe6 22. Qxf6 Nxf6 23. Bxe6+ Kc7 24. Bxh3 Rde8
$11 {Azmaiparashvili-Illescas, Erevan ol. 1996}) 10. Qf3 Nb6 11. Bb3 Nbd5 12.
Nxg6 hxg6 13. Bg5 Be7 14. O-O-O b5 $1 {This is an important positional move
securing the central post for the N on d5.} 15. h4 Nd7 16. Ne4 N5f6 17. Bd2
Nxe4 18. Qxe4 a5 19. Qg4 a4 20. Bc2 Nf6 21. Qf3 Qd5 $11 {Rublevsky-Dreev,
Presidents Cup. 1998}) 9... Bxf4 {It is a big question which B to give for the
N?} (9... Qc7 10. Nxg6 (10. Qf3 $6 {is a light-hearted attempt, and Black can
take the P without beeing punished.} Bxc2 11. O-O O-O 12. Bd2 h6 13. Rac1 Bh7
14. Nfh5 Nxh5 15. Nxh5 Bg6 16. Nf4 Bxf4 17. Bxf4 Qa5 $17 {Makropoulos-J.Santos,
Budva zt. 1981}) 10... hxg6 11. Qf3 Nbd7 12. Bg5 O-O-O $11 {There is no
weakness in Black's camp, therefore the white ^^ cannot find a real target.})
10. Bxf4 h6 11. Qd2 (11. Qe2 $5 Nbd7 (11... Qxd4 $2 12. Be5 $44) 12. O-O-O Nd5
13. Bd2 Qc7 14. h5 Bh7 15. Rh4 N7f6 16. Bb3 b5 17. a3 a6 $11 {Socko-Grabarczyk,
POL ch. 1996}) 11... Nbd7 12. Bd3 (12. Bd6 $4 Nb6 $19) (12. Bb3 a5 $5) 12...
Bxd3 13. Qxd3 Qa5+ $5 {This is the typical centralizing manoeuvre with the Q.}
(13... O-O 14. O-O-O $14) 14. Bd2 Qd5 15. c4 $1 (15. f3 $2 e5 $15) 15... Qxg2
16. Qe2 b5 ({After} 16... O-O-O $2 {the Q gets into trouble:} 17. O-O-O c5 18.
d5 exd5 19. Rdg1 $18) 17. b3 (17. O-O-O bxc4 $19) 17... bxc4 18. bxc4 h5 $1 {
Black has to do something against capturing his Q.} 19. O-O-O Ng4 20. Ne4 Ndf6
21. Nd6+ (21. Nd6+ Kf8 (21... Ke7 22. Bb4 $1) 22. Bb4 Kg8 23. Rdf1 $44) 1/2-1/2

[Event "Madrid Magistral 7th"]
[Site "Madrid"]
[Date "1998.05.14"]
[Round "4"]
[White "Anand, Viswanathan"]
[Black "Beliavsky, Alexander G"]
[Result "1/2-1/2"]
[WhiteElo "2770"]
[BlackElo "2690"]
[Annotator "Wedberg,T"]
[PlyCount "82"]
[EventDate "1998.05.11"]
[EventType "tourn"]
[EventRounds "9"]
[EventCountry "ESP"]
[EventCategory "17"]
[SourceTitle "CBM 065"]
[Source "ChessBase"]
[SourceDate "1998.08.06"]
[SourceVersion "1"]
[SourceVersionDate "1998.08.06"]
[SourceQuality "1"]

{Beliavsky holds the balance in this game with a new and very active strategy.
Anands aggressive try to win produces a very entertaining finish.} 1. e4 {Anand
} e5 2. Nf3 Nc6 3. Bb5 a6 4. Ba4 Nf6 5. O-O Be7 6. Re1 b5 7. Bb3 d6 8. c3 O-O
9. h3 Re8 10. d4 Bb7 11. Nbd2 Bf8 12. a4 (12. d5 {Anand}) 12... h6 13. Bc2 exd4
14. cxd4 Nb4 15. Bb1 c5 16. d5 Nd7 17. Ra3 c4 (17... f5 {Anand}) 18. axb5 axb5
19. Nd4 Rxa3 (19... Ne5 {Anand-Kamsky/Las Palmas/1995}) 20. bxa3 Nd3 21. Bxd3
cxd3 22. Re3 Nc5 23. Bb2 Bc8 (23... Qa5 24. Nf5 (24. N4f3 Qa4 25. Qa1 b4 26.
axb4 Qxb4 27. Bc3 Qb5 $11 {Zontakh,A-Gligoric,S/Pozarevac 1995/EXP 49/1/2-1/2 
(58)}) 24... g6 25. Ng3 Bg7 26. Bxg7 Kxg7 27. Nb3 Qxa3 28. Nxc5 Qxc5 29. Rxd3
$13 {1-0 Kotronias,V-Gligoric,S/JUG-chT 1997/EXP 59 (34)}) (23... g6 24. N4b3
Na4 25. Bd4 Ba6 26. Rxd3 b4 27. Re3 bxa3 28. Qa1 Qd7 29. Qxa3 $16 {1-0
Chandler,M-Mannion,S/Barnsdale YM 1989/TD 89\14 (39)}) 24. Nc6 Qh4 $146 {
Active play against Whites center. When Black loses in this line it's usually
because of dropping the d3-P for nothing or more common because White gets a
K-side attack, so keeping the Q on the K-side might be a good defensive
measure as well.} (24... Qc7 25. Nb4 Na4 26. Ba1 Bd7 27. Rxd3 $16 {1-0 Zontakh,
A-Mojzis,J/Pardubice op 1995/EXT 95op (33)}) 25. Bd4 f5 {The logical way to
continue. Black tries to disturb White as much as possible.} (25... Bd7 26. Nf3
Qh5 27. Bxc5 dxc5 28. Qxd3 $16) 26. Nf3 (26. Bxc5 $5 {Anand} dxc5 27. e5 c4)
26... Qh5 27. e5 f4 (27... dxe5 {Anand} 28. Rxe5 $1) 28. Re1 dxe5 29. Ncxe5 Qf5
(29... Bf5 30. Qc1 Nd7 31. Qxf4 $16) 30. Nh4 (30. Bxc5 Bxc5 31. Qxd3 Qxd3 32.
Nxd3 Rxe1+ 33. Nfxe1 Bxa3 34. Nxf4 Bb7 $17) (30. Qb1 $14 {Anand Beliavsky})
30... Qg5 31. Neg6 {Anand decides to go for the Black K, but in doing so he
promotes the d3-P from being a weakness to be a dangerous passed P.} (31. Nhf3
$11) (31. Bxc5 {Anand} Bxc5 32. Nxd3 Rxe1+ 33. Qxe1 Bf8 34. Qe8 Qxd5 35. Ng6 (
35. Nxf4 Qd1+ 36. Kh2 Qd7) 35... Qf7 36. Qxf8+ Qxf8 37. Nxf8 Kxf8 38. Nxf4 Ke7
$44) 31... Rxe1+ 32. Qxe1 Qxd5 33. Nxf8 (33. Qe8 Qf7 34. Qxc8 d2 35. Bxc5 (35.
Qg4 $2 f3 $19) 35... d1=Q+ 36. Kh2 Qdd7 37. Qxd7 Qxd7 38. Bxf8 $11) 33... Ne4
$1 (33... Kxf8 {Anand} 34. Ng6+ Kf7 35. Nh8+ $11 (35. Qe7+ Kxg6 36. Qxg7+ Kh5
37. Be3 Bxh3 $1)) 34. Qc1 (34. Nf3 {Anand} Kxf8 35. Qc1 $11) 34... d2 (34...
Qc4 $1 {Anand} 35. Qxf4 d2 36. Nfg6 d1=Q+ 37. Kh2 Nf6 $19) 35. Qxc8 d1=Q+ 36.
Kh2 Nd6 $8 (36... Qc4 37. Bc5 $3 Nd6 (37... Qxc5 $2 38. Qe6+ Kxf8 39. Ng6#) 38.
Qd8 Qf7 39. Bxd6 $18) 37. Qd8 Qf7 38. Qxd6 (38. Nhg6 Ne8 39. Ne5 Qxf8 40. Qd5+
Kh7 41. Qe4+ $11) (38. Ne6+ {Anand} Ne8 39. Nxg7 Qe2) 38... Qxf8 39. Qd5+ Qf7
40. Qa8+ Kh7 41. Qe4+ Kg8 (41... g6 $2 42. Qe5 $18 (42. Qe5 {Anand} Qf8 43.
Nxg6 $1 $18)) 1/2-1/2

[Event "Madrid Magistral 7th"]
[Site "Madrid"]
[Date "1998.05.16"]
[Round "6"]
[White "Anand, Viswanathan"]
[Black "Illescas Cordoba, Miguel"]
[Result "1-0"]
[WhiteElo "2770"]
[BlackElo "2600"]
[Annotator "Ftacnik,L"]
[PlyCount "67"]
[EventDate "1998.05.11"]
[EventType "tourn"]
[EventRounds "9"]
[EventCountry "ESP"]
[EventCategory "17"]
[SourceTitle "CBM 065"]
[Source "ChessBase"]
[SourceDate "1998.08.06"]
[SourceVersion "1"]
[SourceVersionDate "1998.08.06"]
[SourceQuality "1"]

{[%mdl 2180]} 1. d4 Nf6 2. Nf3 g6 3. c4 Bg7 4. Nc3 d5 5. cxd5 Nxd5 6. e4 Nxc3
7. bxc3 c5 8. Rb1 O-O 9. Be2 cxd4 10. cxd4 Qa5+ 11. Bd2 Qxa2 12. O-O Bg4 13.
Bg5 h6 14. Bh4 {Anand knows all the equalizing tricks for black after the
standard 14.Be3 and tries to complicate matters with less usual line.} (14. Be3
) 14... Rd8 (14... Qe6 15. h3 Bxf3 16. Bxf3 Qd7 17. d5 Na6 18. Qe2 Nc5 19. e5
e6 20. Rfd1 exd5 21. Bxd5 Qf5 22. Be7 Rfc8 23. Qe3 {Komljenovic,D-Sanchez
Almeyra,J/San Sebastian op/1993/1/2-1/2 (109)}) (14... g5 $1 15. Bg3 Nc6 16. d5
(16. Rxb7 $6 Bxf3 17. Bxf3 Nxd4 18. Rxe7 Qa3 $15) 16... Rad8 (16... Na5 17. e5
b6 18. Ra1 Qb2 19. Rb1 Qa2 20. Rb4 Bh5 21. h4 Rad8 22. Rd4 f5 23. hxg5 Bxf3 24.
gxf3 hxg5 25. f4 gxf4 26. Bxf4 {1-0 Sapis,W-Touzane,O/Legnica Voivode Cup/1994/
(40)}) 17. Rxb7 e6 (17... f5 $1 18. Qe1 Bxf3 19. Bxf3 Nd4 20. exf5 Nxf3+ 21.
gxf3 Qxd5 22. Rxa7 Rxf5 $11) 18. Bc7 exd5 (18... Rd7 19. Bb5 $16) 19. Bxd8 dxe4
20. Be7 (20. Bc7 $16) 20... Re8 21. Bc5 (21. Bb5 $1 exf3 22. Bxc6 fxg2 23. Bxe8
$1 Bxd1 24. Rxd1 Qe2 25. Rbd7 $1 Be5 26. Bc5 $18) 21... Rd8 $5 22. Qb3 $8 Qxb3
23. Rxb3 {1-0/ Chernin,A-Horvath,J/HUN-ch/1992/ (35)}) 15. d5 g5 16. Bg3 b6 $2
{This meak move will cost the defender dearly. If white's center becomes too
strong black's pawn pair a7-b6 will offer very poor compensation.} (16... e6 $5
17. Bc7 Rd7 (17... Re8 18. d6 Nd7 19. Rxb7 Rec8 $14) 18. d6 Na6 19. Bb5 Rxc7
20. dxc7 Nxc7 21. Qd7 $13) 17. Re1 Bxf3 (17... e6 18. Nxg5 Bxe2 19. Rxe2 Qa5
20. Nf3 (20. Nxf7 $5 Kxf7 21. dxe6+ Ke8 22. Qb3 $14) 20... exd5 21. exd5 (21.
Rd2 d4 $13) 21... Nc6 22. Rd2 $16) 18. Bxf3 Nd7 19. e5 Rac8 20. e6 $1 (20. Ra1
Qc2 21. Rxa7 Qxd1 22. Rxd1 Nxe5 23. Bxe5 Bxe5 24. Rxe7 $14) 20... fxe6 21. Rxe6
{Anand shows, that the position has a very distinct feature: the weak black
king. Protection of his own master will cost black dearly.} Nf6 (21... Bf6 22.
Re2 Qc4 23. d6 e6 24. Rxe6 Rc5 25. Re7 $16) (21... Qa3 22. d6 Bf6 23. dxe7 Bxe7
24. Bd6 $1 Bxd6 25. Rxd6 $18) 22. Rxe7 Qc2 (22... Nxd5 23. Re8+ $1 Bf8 (23...
Rxe8 24. Bxd5+ $18) 24. Rb5 $1 (24. Ra1 Nc3 (24... Qc4 25. Qd2 Qc5 26. Rxd8
Rxd8 27. Rd1 $18) 25. Rxd8 Rxd8 26. Qe1 Qc4 27. Rxa7 $14) 24... Nc3 25. Rxd8
Rxd8 26. Qxd8 Qa1+ 27. Bd1 Qxd1+ 28. Qxd1 Nxd1 29. Bb8 $18) 23. d6 Qxd1+ 24.
Rxd1 a5 (24... g4 25. Be2 a5 26. d7 Rc2 27. Bxg4 Kf8 28. Bd6 $18) 25. h3 a4 26.
Rc7 $1 {Fine move, that shows the difference in the strength of the pawns d6
and a4. The support of the bishops pair f3,g3 turn the d6 guy into powerhouse.}
Kh8 (26... Rxc7 $2 27. dxc7 Rf8 28. Rd8 $18) (26... b5 27. Rb1 (27. Rxc8 Rxc8
28. d7 Nxd7 29. Rxd7 b4 30. Bd5+ $16) 27... Rb8 28. d7 b4 29. Ra7 Rb5 30. Bc6
Rc5 31. Bc7 Rxd7 32. Bxd7 Nxd7 33. Bd6 Rd5 34. Rxd7 a3 35. Rxg7+ Kxg7 36. Bxb4
$18) 27. Rdc1 $1 Rb8 28. Ra7 Nd7 (28... b5 29. d7 Nxd7 30. Bxb8 Nxb8 31. Rb1
Bf8 32. Rxb5 a3 33. Ra8 Bd6 34. Rd5 $18) 29. Rcc7 a3 (29... b5 30. Rxd7 Rxd7
31. Rxd7 b4 32. Rb7 Rxb7 33. Bxb7 Bf6 34. d7 Bd8 35. Bc6 a3 36. Be5+ Kh7 37.
Be4+ Kg8 38. Bd5+ Kh7 39. Bd6 $18) 30. Bd5 {This picture belongs to the
textbook about domination. Black is hopelessly lost.} (30. Bg4 a2 31. Rxa2 Nf6
32. Raa7 $18) 30... b5 (30... Nf6 31. Rxg7 Nxd5 32. Rh7+ Kg8 33. Rag7+ Kf8 34.
Be5 $18) 31. Rxd7 Rxd7 32. Rxd7 b4 33. Bb3 (33. Ra7 b3 34. Rxa3 b2 35. Be4
b1=Q+ 36. Bxb1 Rxb1+ 37. Kh2 Rb7 $16) 33... Ra8 (33... a2 34. Bxa2 b3 35. Bb1
$18) 34. Rb7 (34. Rb7 a2 35. Bxa2 Rxa2 36. d7 Ra8 37. Rb8+ Rxb8 38. Bxb8 Bf6
39. Be5 $1 $18) 1-0

[Event "Madrid Magistral 7th"]
[Site "Madrid"]
[Date "1998.05.22"]
[Round "9"]
[White "Svidler, Peter"]
[Black "Anand, Viswanathan"]
[Result "1/2-1/2"]
[WhiteElo "2690"]
[BlackElo "2770"]
[Annotator "ChessBase"]
[PlyCount "46"]
[EventDate "1998.05.11"]
[EventType "tourn"]
[EventRounds "9"]
[EventCountry "ESP"]
[EventCategory "17"]
[SourceTitle "CBM 065"]
[Source "ChessBase"]
[SourceDate "1998.08.06"]
[SourceVersion "1"]
[SourceVersionDate "1998.08.06"]
[SourceQuality "1"]

1. e4 c6 2. d4 d5 3. e5 Bf5 4. Nf3 e6 5. Be2 c5 6. Be3 cxd4 7. Nxd4 Ne7 8. c4
Nbc6 9. Qa4 dxc4 10. Na3 Qa5+ 11. Qxa5 Nxa5 12. Nxc4 Nxc4 13. Bxc4 a6 14. f3
Ng6 15. Nxf5 Nxe5 16. Bb3 exf5 17. O-O-O Be7 18. Rd5 Nc6 19. Rxf5 O-O 20. Rd1
Bf6 21. Rd7 b5 22. f4 (22. Rc5 $142 Ne5 23. Rdd5 $36) 22... Na5 23. Bd4 Nxb3+
1/2-1/2